| 000 | 00968nam a22002897a 4500 | ||
|---|---|---|---|
| 001 | 9838 | ||
| 003 | FISKH | ||
| 005 | 20260304102914.0 | ||
| 008 | 260304b cb ||||| |||| 00| 0 eng d | ||
| 020 | _a9781606949115 | ||
| 040 |
_aFISKH _beng _cFISKH _dFISKH |
||
| 050 | _aQL467.2 .G77 | ||
| 082 | _a595.7 | ||
| 100 | _aGreve , Tom | ||
| 245 |
_aCreeping crawlers / _cBy Tom Greve |
||
| 260 |
_aFlorida : _bRourke Publishing LLC , _c2009. |
||
| 300 |
_a24 pages : _bcolor illustrations ; _c18 cm . |
||
| 490 | _aMy First Science Library | ||
| 505 | _aG | ||
| 520 | _aJuvenile Nonfiction. Nature. Science. HTML:Learn about bugs that creep and crawl, bugs found around your home and school, and bugs that crawl then fly. | ||
| 521 | 8 |
_a400
_bLexile estimate |
|
| 521 | 8 |
_aG
_bRaz-Plus |
|
| 650 |
_aInsects--Locomotion _vJuvenile Literature |
||
| 650 |
_aCrawling and creeping _vJuvenile Literature |
||
| 942 |
_2ddc _cBK _n0 |
||
| 999 |
_c9838 _d9838 |
||